| 000 | 00431nam a2200145Ia 4500 | ||
|---|---|---|---|
| 008 | 230917s9999||||xx |||||||||||||| ||und|| | ||
| 040 |
_e162150 _aMAIN |
||
| 041 | _aEnglish | ||
| 082 | _a891.433721 CR397L | ||
| 100 | _aचौधरी, रमापद | ||
| 245 | 0 | _aलालबाई | |
| 260 |
_aदिल्ली _bइन्द्रप्रस्थ प्रकाशन _c1974 |
||
| 300 | _a191पृ. p. | ||
| 942 | _cHN | ||
| 999 |
_c134335 _d134335 |
||